01334nam a2200289 u 4500001001000000003000900010005001700019008004100036020001500077040002500092100003800117245011200155246009100267260002700358300002100385490002200406500002100428500003100449504005400480830002900534942001400563952011900577952011900696952010400815952011000919999001501029000004413DO-SdBNP20250409135759.0090722s1997 dr a r 001 0 spa d a8489525560 aDO-SdBNPbspacBNPHU1 aHernández Camaaño, Ida91297210aInstituto Tecnológico de Santo Domingo (1972-1997) :b25 años de historia /cIda Hernández Caamaño.13aInstituto Tecnológico de Santo Domingo (1972-1997) :bVeinticinco años de historia aSanto Domingo :c1997. a203 p. ;c22 cm.1 aDocumentovno. 14 aIncluye índice aIncluye anexos (p.171-179) aIncluye referencias bibliográficas (p. 195-197) 0aDocumentovno. 14912974 2ddccLBS1 001052708DSaGRbGRcHDd2013-07-09iLF1l0o p4413-30r2020-06-25te. 3w2020-06-25yLFDSZPréstamo interno 001052708DSaGRbGRcHDd2013-07-09iLF1l0o p4413-40r2020-06-25te. 4w2020-06-25yLFDSZPréstamo interno 0010718PDaPDbPDcHDd2010-03-25iLF1l0o p4413-10r2020-06-25w2020-06-25yLFPDZNo se presta 0010718PDaPDbPDcHDd2011-02-14iLF1l0o p4413-20r2020-06-25te. 2w2020-06-25yLFPDZNo se presta c4222d4222